- Iglesias M., Texia
Entry Nombre Personal
001 - NUMERO DE CONTROL
- campo de control: 44886
003 - IDENTIFICADOR DE NUMERO DE CONTROL
- campo de control: DLC
005 - FECHA Y HORA DE LA ÜLTIMA TRANSACCIÓN
- campo de control: 20220615084831.0
008 - DATOS DE LONGITUD FIJA
- campo de control de longitud fija: 920414n| acannaabn |a aaa c
010 ## - NÚMERO DE CONTROL DE LA BIBLIOTECA DEL CONGRESO
- Número de control LC: nr 92014327
035 ## - NUMERO DE CONTROL
- Número de control: (OCoLC)oca03152941
040 ## - FUENTE DE CATALOGACIÓN
- Agencia original de catalogación: NNC
- Lenguaje de catalogación: eng
- Agencia de transcripción: NNC
- Agencia que lo modifica: DLC
- Agencia que lo modifica: OCoLC
- Agencia que lo modifica: MX-MxUPN
100 1# - ENCABEZAMIENTO - NOMBRE PERSONAL
- Nombre personal: Iglesias M., Texia
400 1# - VEÁSE - NOMBRE DE PERSONA
- Personal name: Iglesias Maturana, Texia
400 1# - VEÁSE - NOMBRE DE PERSONA
- Personal name: Maturana, Texia Iglesias
400 1# - VEÁSE - NOMBRE DE PERSONA
- Personal name: Iglesias Maturana, María Texia
670 ## - FUENTE EN LA QUE SE LOCALIZARON DATOS
- Cita de la fuente: Hajna Rifo, E. Derecho e informática, 1989:
- Información localizada: t.p. (Texia Iglesias M., M.L.S.)
670 ## - FUENTE EN LA QUE SE LOCALIZARON DATOS
- Cita de la fuente: Libros publicados por universidades chilenas ... 1996:
- Información localizada: p. 9 (Texia Iglesias Maturana)
670 ## - FUENTE EN LA QUE SE LOCALIZARON DATOS
- Cita de la fuente: Tesauro latinoamericano en ciencia bibliotecológica y de la información (TELACIBIN), 1999:
- Información localizada: portada (María Texia Iglesias Maturana)
902 ## - CATALOGADOR
- Catalogador: VAGG/150622
